000 00894cam a22002651 4500
001 sa 68004956
003 DLC
005 20260227112505.0
008 720306s1966 ii r 00010 eng
010 _asa 68004956 //r88
025 _aPL480:I-E-8694
043 _aa-ii---
_aa-iq---
050 0 _aHF3861.I7
_bI53
082 _a382/.5/025567
110 1 0 _aIndia.
_bDirectorate of Commercial Publicity.
245 1 0 _aImporters of Indian products: Iraq.
260 0 _aNew Delhi,
_bDirectorate of Commercial Publicity, Ministry of Commerce, Govt. of India
_c[1966]
300 _aii, 43 p.
_c24 cm.
350 _aRs2.10
_a$0.76
500 _aCover title: Directory of importers of Indian products in Iraq.
651 0 _aIraq
_xCommerce
_xDirectories.
651 0 _aIraq
_xCommerce
_zIndia.
651 0 _aIndia
_xCommerce
_zIraq.
740 1 _aDirectory of importers of Indian products in Iraq.
999 _c80455
_d80455